Angèle - Chansons de l'album Nonante-Cinq - Statistiques

Statistiques générales
  • Ce quiz a été pris 9 fois
  • Le résultat moyen est 6 sur 18
Statistiques - réponses
Hint Réponse % Correct
Nonante-Cinq 1 Bruxelles je t'aime
100%
Nonante-Cinq 2 Libre
80%
Nonante-Cinq 7 Démons (feat. Damso)
60%
Nonante-Cinq La Suite 18 Démons - Live Orchestral (feat. Damso)
60%
Nonante-Cinq La Suite 17 Le temps fera les choses
60%
Nonante-Cinq La Suite 16 Patrick
60%
Nonante-Cinq 6 Taxi
60%
Nonante-Cinq La Suite 15 Évidemment (feat. Orelsan)
40%
Nonante-Cinq La Suite 13 Amour, Haine et Danger
20%
Nonante-Cinq 5 Pensées positives
20%
Nonante-Cinq 8 Plus de sens
20%
Nonante-Cinq La Suite 14 Promets-moi
20%
Nonante-Cinq 9 Tempête
20%
Nonante-Cinq 12 Mauvais rêves
0%
Nonante-Cinq 11 Mots justes
0%
Nonante-Cinq 3 On s'habitue
0%
Nonante-Cinq 10 Profite
0%
Nonante-Cinq 4 Solo
0%
Aucun quiz correspondant
Distribution des résultats
% des personnes avec chaque résultat
Percentile par nombre de réponses
Votre historique - résultats
Vous n’avez pas pris ce quiz